Rozvoj startup podnikania bakalárska práca
Enregistré dans:
| Auteur principal: | |
|---|---|
| Collectivité auteur: | |
| Autres auteurs: | |
| Format: | Livre |
| Langue: | slovaque |
| Publié: |
Košice
2025
|
| Tags: |
Pas de tags, Soyez le premier à ajouter un tag!
|
MARC
| LEADER | 00000nbm a2200000 4500 | ||
|---|---|---|---|
| 001 | 0310907 | ||
| 005 | 20260327095735.3 | ||
| 041 | 0 | |a slo | |
| 044 | |a SK | ||
| 245 | 1 | 0 | |a Rozvoj startup podnikania |b bakalárska práca |c Diana Černíková ; školiteľ: Lenka Kuhnová |
| 264 | 1 | |a Košice |c 2025 | |
| 300 | |a 48 s. | ||
| 100 | 1 | |a Černíková, Diana | |
| 700 | 1 | |a Kuhnová, Lenka, 1989- | |
| 710 | 2 | |a Podnikovohospodárska fakulta EU so sídlom v Košiciach. Katedra ekonómie a manažmentu | |